Denežnoje obraščenije i kredit v SSSR.

Uložené v:
Podrobná bibliografia
Hlavný autor: Ikonnikov, V. V.
Médium: Kniha
Jazyk:Slovak
Vydané: Moskva, 1955.
Fyzický popis: 39 s.
Tagy: Pridať tag
Žiadne tagy, Buďte prvý kto otaguje tento záznam!

MARC

LEADER 00000nam a22000004a 4500
001 000607222
005 20190124104714.0
008 190124s1955 xo e 000 0 slo d
040 |a SVKKK  |b slo  |c SVKKK  |e AACR2 
100 1 |a Ikonnikov, V. V. 
245 1 0 |a Denežnoje obraščenije i kredit v SSSR. 
260 |a Moskva,  |c 1955. 
300 |a 39 s. 
500 |a Záznam revízie 
910 |a svkkk 
998 |a BK 
090 |g SCKHL  |k Sklad Pribinova 2. posch.  |a III.23243  |j 106849  |i 2720610767  |4 Vyradená  |s Vyradená